[Event "GER-ch Net Amateur Gr-A Final"]
[Site "Playchess.com INT"]
[Date "2020.04.18"]
[Round "3"]
[White "Heinrichs, Paul"]
[Black "King, Alexander"]
[Result "0-1"]
[WhiteElo "1938"]
[BlackElo "2083"]
[PlyCount "154"]
[EventDate "2020.04.18"]
[EventType "swiss (blitz)"]
[EventRounds "13"]
[EventCountry "GER"]
[SourceTitle "CBM 195 Extra"]
[Source "ChessBase"]
[SourceDate "2020.05.31"]
[SourceVersion "1"]
[SourceVersionDate "2020.05.31"]
[SourceQuality "1"]

1. d4 Nf6 2. c4 g6 3. Nc3 Bg7 4. e4 d6 5. f3 0-0 6. Be3 c5 7. Nge2 cxd4 8. Nxd4 Nc6 9. Qd2 a6 10. Be2 Bd7 11. 0-0 Rc8 12. Nd5 Nxd4 13. Bxd4 Nxd5 14. cxd5 Bxd4+ 15. Qxd4 Qa5 16. b4 Qa3 17. h4 Rc2 18. Bd1 Rxa2 19. Rxa2 Qxa2 20. Rf2 Qb1 21. h5 f6 22. Rb2 Qa1 23. Kf2 Rc8 24. Qd2 Qc1 25. hxg6 hxg6 26. Ke3 Rc3+ 27. Ke2 Bb5+ 28. Ke1 Re3+ 29. Kf2 Rc3 30. Be2 Qxd2 31. Rxd2 Bxe2 32. Kxe2 Rb3 33. Rd4 Rb2+ 34. Kf1 Kf7 35. Rc4 f5 36. Kg1 Kf6 37. f4 fxe4 38. Rxe4 b5 39. Re6+ Kf7 40. Re4 Rc2 41. Rd4 Rc4 42. Rd3 Rxb4 43. Ra3 Ra4 44. Rc3 Rxf4 45. Rc8 Rd4 46. Ra8 Rxd5 47. Rxa6 Rd1+ 48. Kf2 Rb1 49. Rb6 b4 50. Ke2 b3 51. Kd3 Rg1 52. Rxb3 Rxg2 53. Ke4 Rg4+ 54. Kf3 Rg5 55. Ra3 Rf5+ 56. Ke4 Kf6 57. Ra6 Rb5 58. Ra4 g5 59. Kf3 e5 60. Ra6 Rd5 61. Ra8 Rd4 62. Ke3 g4 63. Rf8+ Ke6 64. Rg8 Kd5 65. Rg6 Ra4 66. Kd3 Ra3+ 67. Ke2 g3 68. Kd2 Ra2+ 69. Ke3 g2 70. Kd3 Kc5 71. Rg5 d5 72. Ke3 e4 73. Rg8 Ra3+ 74. Ke2 Kd4 75. Kd1 Ra1+ 76. Kd2 g1Q 77. Rg4 Qxg4 0-1

[Event "GER-ch Net Amateur Gr-A Final"]
[Site "Playchess.com INT"]
[Date "2020.04.18"]
[Round "9"]
[White "King, Alexander"]
[Black "Hortolani, Sven Holger"]
[Result "1-0"]
[WhiteElo "2083"]
[BlackElo "2043"]
[PlyCount "91"]
[EventDate "2020.04.18"]
[EventType "swiss (blitz)"]
[EventRounds "13"]
[EventCountry "GER"]
[SourceTitle "CBM 195 Extra"]
[Source "ChessBase"]
[SourceDate "2020.05.31"]
[SourceVersion "1"]
[SourceVersionDate "2020.05.31"]
[SourceQuality "1"]

1. Nf3 Nf6 2. c4 d6 3. d4 g6 4. g3 Bg7 5. Bg2 0-0 6. 0-0 c6 7. Nc3 Nbd7 8. Re1 e5 9. e4 Qe7 10. d5 c5 11. a3 Nb6 12. Nd2 Bg4 13. Qc2 Rac8 14. h3 Bd7 15. Kh2 h5 16. Ne2 h4 17. g4 Nh7 18. Nf3 f5 19. exf5 gxf5 20. gxf5 Bxf5 21. Qb3 e4 22. Nf4 Be5 23. Nxe5 Qxe5 24. Kh1 Kh8 25. Bd2 Kg8 26. Rg1 Kf7 27. Rae1 Rg8 28. Qd1 Nf6 29. Nh5 Bg6 30. Nxf6 Qxf6 31. Bxe4 Nxc4 32. Bc3 Ne5 33. Bxg6+ Rxg6 34. f4 Rxg1+ 35. Rxg1 Qf5 36. Kh2 Qxf4+ 37. Kh1 Qf3+ 38. Qxf3+ Nxf3 39. Rf1 Kg6 40. Rxf3 Re8 41. Kg2 Re2+ 42. Rf2 Re4 43. Rf6+ Kg5 44. Rxd6 b5 45. Rc6 c4 46. d6 1-0

[Event "GER-ch Net Amateur Gr-A Final"]
[Site "Playchess.com INT"]
[Date "2020.04.18"]
[Round "12"]
[White "Promyshlyanskiy, Vitaliy"]
[Black "King, Alexander"]
[Result "1-0"]
[WhiteElo "2032"]
[BlackElo "2083"]
[PlyCount "203"]
[EventDate "2020.04.18"]
[EventType "swiss (blitz)"]
[EventRounds "13"]
[EventCountry "GER"]
[SourceTitle "CBM 195 Extra"]
[Source "ChessBase"]
[SourceDate "2020.05.31"]
[SourceVersion "1"]
[SourceVersionDate "2020.05.31"]
[SourceQuality "1"]

1. e4 c6 2. d4 d5 3. e5 Bf5 4. Nd2 e6 5. Nb3 c5 6. Nxc5 Bxc5 7. dxc5 Qa5+ 8. c3 Qxc5 9. Be3 Qc7 10. Nf3 Nc6 11. Qa4 Nge7 12. Bb5 0-0 13. 0-0 Nxe5 14. Nxe5 Qxe5 15. Bc5 Ng6 16. Bxf8 Nxf8 17. Rfe1 Qf6 18. Qd4 Qg6 19. c4 Be4 20. g3 Qf5 21. cxd5 Bxd5 22. Be2 Ng6 23. Qg4 Qf6 24. b3 Ne5 25. Qf4 Qxf4 26. gxf4 Ng6 27. f5 exf5 28. Rad1 Bc6 29. Rd4 Re8 30. f3 h6 31. Kf2 Rc8 32. Red1 Kh7 33. Bd3 Ne5 34. Bxf5+ g6 35. Be4 Bxe4 36. Rxe4 f6 37. h3 g5 38. Rd6 Kg7 39. Re2 Rc3 40. Re3 Rc2+ 41. Re2 Rc3 42. Re3 Rc2+ 43. Kf1 Rxa2 44. Rc3 Ra1+ 45. Ke2 Ra2+ 46. Ke3 Ra1 47. Rc7+ Kg6 48. Rxb7 Kf5 49. Re7 Rf1 50. Ke2 Rb1 51. Rxa7 Rb2+ 52. Ke3 Rxb3+ 53. Ke2 Rxf3 54. Raa6 Rxh3 55. Rxf6+ Kg4 56. Rxh6 Rxh6 57. Rxh6 Nf3 58. Rh8 Nd4+ 59. Kf2 Nf5 60. Rf8 Kf4 61. Kg2 Kg4 62. Rf7 Kf4 63. Rf8 Kg4 64. Ra8 Ne3+ 65. Kf2 Nf5 66. Ra4+ Kh5 67. Kf3 Nh4+ 68. Kg3 Nf5+ 69. Kh3 Nh6 70. Ra5 Nf7 71. Kg3 Nh6 72. Kf3 Kh4 73. Ra1 Kh5 74. Rh1+ Kg6 75. Ke4 Nf5 76. Ra1 Ng3+ 77. Kf3 Nh5 78. Ra6+ Nf6 79. Rb6 Kf5 80. Rb5+ Kg6 81. Ra5 Nh5 82. Ra6+ Nf6 83. Ra8 Kf5 84. Ra5+ Kg6 85. Kg2 Nh5 86. Re5 Kf6 87. Ra5 Kg6 88. Kh3 Nf4+ 89. Kg4 Ne6 90. Ra6 Kf6 91. Rb6 Ke5 92. Rb5+ Kf6 93. Rf5+ Ke7 94. Re5 Kf6 95. Re1 Nf4 96. Ra1 Ne6 97. Ra6 Ke5 98. Ra5+ Kf6 99. Ra7 Ke5 100. Rf7 Kd6 101. Kf5 g4 102. Rf6 1-0

[Event "GER-ch Net Amateur Gr-A Vor3"]
[Site "Playchess.com INT"]
[Date "2020.04.16"]
[Round "6"]
[White "Gutheil, Heinrich"]
[Black "King, Alexander"]
[Result "0-1"]
[WhiteElo "2166"]
[BlackElo "2084"]
[PlyCount "102"]
[EventDate "2020.04.16"]
[EventType "swiss (blitz)"]
[EventRounds "9"]
[EventCountry "GER"]
[SourceTitle "CBM 195 Extra"]
[Source "ChessBase"]
[SourceDate "2020.05.31"]
[SourceVersion "1"]
[SourceVersionDate "2020.05.31"]
[SourceQuality "1"]

1. e4 c6 2. d4 d5 3. e5 Bf5 4. h4 h6 5. g4 Be4 6. f3 Bh7 7. e6 Qd6 8. exf7+ Kxf7 9. Bd3 Bxd3 10. Qxd3 Qg3+ 11. Kf1 Nf6 12. Nh3 Qc7 13. Nf4 Qa5 14. Qg6+ Kg8 15. Nc3 Nbd7 16. Ne6 c5 17. g5 Qa6+ 18. Kg2 Qxe6 19. gxf6 Qxf6 20. Qxf6 Nxf6 21. dxc5 e6 22. Nb5 Kf7 23. Be3 a6 24. Nc3 Rc8 25. Na4 Be7 26. b4 Nh5 27. Kh3 Rhf8 28. Nb6 Rcd8 29. f4 Kg8 30. Raf1 Nf6 31. Rhg1 Ne4 32. Bd4 Bf6 33. Be5 Kh7 34. h5 Bxe5 35. fxe5 Ng5+ 36. Kg4 Ne4 37. a4 Nd2 38. Rxf8 Rxf8 39. Rg3 Ne4 40. Rf3 Rxf3 41. Kxf3 Nc3 42. Nd7 g6 43. Nf8+ Kg7 44. Nxg6 Nxa4 45. Ne7 Kf7 46. Ke3 Kxe7 47. Kd4 Nb2 48. c4 Nxc4 49. Kc3 Kd7 50. b5 axb5 51. Kb4 Kc6 0-1

[Event "GER-ch Net Amateur Gr-A Vor3"]
[Site "Playchess.com INT"]
[Date "2020.04.16"]
[Round "1"]
[White "Hehn, Hartmut"]
[Black "King, Alexander"]
[Result "1/2-1/2"]
[WhiteElo "1798"]
[BlackElo "2044"]
[PlyCount "72"]
[EventDate "2020.04.16"]
[EventType "swiss (blitz)"]
[EventRounds "9"]
[EventCountry "GER"]
[SourceTitle "CBM 195 Extra"]
[Source "ChessBase"]
[SourceDate "2020.05.31"]
[SourceVersion "1"]
[SourceVersionDate "2020.05.31"]
[SourceQuality "1"]

1. e4 c6 2. Nf3 d5 3. exd5 cxd5 4. Ne5 Nc6 5. Bb5 Bd7 6. Nxd7 Qxd7 7. d4 e6 8. c3 Nf6 9. 0-0 Bd6 10. h3 0-0 11. Re1 a6 12. Bd3 b5 13. a3 Rab8 14. Nd2 a5 15. Nf3 b4 16. axb4 axb4 17. Ne5 Qc7 18. f4 g6 19. Bd2 bxc3 20. bxc3 Rb2 21. Qc1 Rfb8 22. Rb1 Rxb1 23. Bxb1 Na5 24. g4 Nb3 25. Qd1 Nxd2 26. Qxd2 Rc8 27. Rc1 Bxe5 28. fxe5 Ne4 29. Bxe4 dxe4 30. Qe3 Qc4 31. Kf2 Rb8 32. Rc2 Rb1 33. Re2 Rb3 34. Rc2 Rb1 35. Re2 Rb3 36. Rc2 Rb1 1/2-1/2

[Event "GER-ch Net Amateur Gr-A Vor3"]
[Site "Playchess.com INT"]
[Date "2020.04.16"]
[Round "9"]
[White "Wichmann, Cliff"]
[Black "King, Alexander"]
[Result "1-0"]
[WhiteElo "2140"]
[BlackElo "2097"]
[PlyCount "61"]
[EventDate "2020.04.16"]
[EventType "swiss (blitz)"]
[EventRounds "9"]
[EventCountry "GER"]
[SourceTitle "CBM 195 Extra"]
[Source "ChessBase"]
[SourceDate "2020.05.31"]
[SourceVersion "1"]
[SourceVersionDate "2020.05.31"]
[SourceQuality "1"]

1. d4 Nf6 2. Nf3 g6 3. c4 Bg7 4. Nc3 0-0 5. e4 d6 6. Be2 c5 7. d5 e6 8. 0-0 Re8 9. Re1 exd5 10. exd5 Bf5 11. Bf4 Ne4 12. Nxe4 Rxe4 13. Qd2 Qb6 14. Bd3 Rxe1+ 15. Rxe1 Nd7 16. Bxf5 gxf5 17. b3 Nf6 18. Nh4 Ne4 19. Qd1 Bd4 20. Bg3 Nc3 21. Qh5 Qd8 22. Nxf5 Qf6 23. Nxd6 b6 24. Nf5 a5 25. Nxd4 cxd4 26. h4 d3 27. Be5 Ne2+ 28. Kh2 Qxf2 29. Qg5+ Kf8 30. Bd6+ Ke8 31. Qe7# 1-0

[Event "GER-ch Net Amateur Gr-A Vor2"]
[Site "Playchess.com INT"]
[Date "2020.04.15"]
[Round "6"]
[White "King, Alexander"]
[Black "Bornholdt, Joa Max"]
[Result "1-0"]
[WhiteElo "2068"]
[BlackElo "1844"]
[PlyCount "48"]
[EventDate "2020.04.15"]
[EventType "swiss (blitz)"]
[EventRounds "9"]
[EventCountry "GER"]
[SourceTitle "CBM 196 Extra"]
[Source "ChessBase"]
[SourceDate "2020.07.31"]
[SourceVersion "1"]
[SourceVersionDate "2020.07.31"]
[SourceQuality "1"]

1. Nf3 Nf6 2. c4 e6 3. b3 Be7 4. Bb2 0-0 5. e3 d5 6. Be2 b6 7. 0-0 Bb7 8. Nc3 c5 9. cxd5 exd5 10. d4 Nc6 11. Rc1 Rc8 12. dxc5 bxc5 13. Na4 Ne4 14. Nd2 Qa5 15. Nxe4 dxe4 16. Qd7 Rc7 17. Qg4 f6 18. Rfd1 Nb4 19. Bc3 Rfc8 20. a3 Qb6 21. Nxb6 axb6 22. axb4 cxb4 23. Bb2 Rc2 24. Bc4+ R2xc4 1-0

[Event "GER-ch Net blitz qual4"]
[Site "Playchess.com INT"]
[Date "2020.03.23"]
[Round "7"]
[White "Zelbel, Patrick"]
[Black "King, Alexander"]
[Result "1-0"]
[WhiteElo "2446"]
[BlackElo "2053"]
[PlyCount "120"]
[EventDate "2020.03.23"]
[EventType "swiss (blitz)"]
[EventRounds "9"]
[EventCountry "GER"]
[SourceTitle "CBM 195 Extra"]
[Source "ChessBase"]
[SourceDate "2020.05.31"]
[SourceVersion "1"]
[SourceVersionDate "2020.05.31"]
[SourceQuality "1"]

1. e4 c6 2. Nc3 d5 3. Nf3 Bg4 4. h3 Bxf3 5. Qxf3 e6 6. Be2 Nd7 7. d4 dxe4 8. Nxe4 Ngf6 9. 0-0 Nxe4 10. Qxe4 Nf6 11. Qd3 Bd6 12. a4 0-0 13. a5 Bc7 14. Bd2 Qd6 15. g3 Rad8 16. c3 Nd5 17. Qe4 Rfe8 18. Bd3 g6 19. Rfe1 Rd7 20. b4 a6 21. Bf1 Bd8 22. Qf3 Qf8 23. Rad1 Qg7 24. h4 Bf6 25. h5 gxh5 26. Qxh5 Qg6 27. Qf3 Bg7 28. Bd3 Qf6 29. Qe4 Qg6 30. Qe2 Qf6 31. Kg2 h6 32. Qe4 Kf8 33. Qg4 Qe7 34. Qh5 Nf6 35. Qh3 Ng8 36. Rh1 Qf6 37. Bf4 Red8 38. Qh5 Rd5 39. Qg4 Ne7 40. Be4 Nf5 41. Bxd5 Rxd5 42. Be5 Qg6 43. Qxg6 fxg6 44. Bxg7+ Kxg7 45. Rde1 Kf6 46. g4 Nd6 47. Rxh6 Nf7 48. Rh3 Ng5 49. Rhe3 Rd6 50. f4 Nf7 51. Rh1 Rd7 52. Rh7 Re7 53. Kg3 g5 54. fxg5+ Kxg5 55. Rf3 Kg6 56. Rhxf7 Rxf7 57. Rxf7 Kxf7 58. Kf4 Kf6 59. g5+ Ke7 60. Ke5 Kf7 1-0

[Event "GER-ch Net blitz qual3"]
[Site "Playchess.com INT"]
[Date "2020.03.21"]
[Round "6"]
[White "Hein, Ralf"]
[Black "King, Alexander"]
[Result "1/2-1/2"]
[WhiteElo "2053"]
[BlackElo "2053"]
[PlyCount "103"]
[EventDate "2020.03.21"]
[EventType "swiss (blitz)"]
[EventRounds "9"]
[EventCountry "GER"]
[SourceTitle "CBM 195 Extra"]
[Source "ChessBase"]
[SourceDate "2020.05.31"]
[SourceVersion "1"]
[SourceVersionDate "2020.05.31"]
[SourceQuality "1"]

1. Nf3 Nf6 2. g3 g6 3. Bg2 Bg7 4. 0-0 0-0 5. d3 d6 6. Nc3 Nbd7 7. e4 a6 8. a4 Rb8 9. d4 c5 10. Qe2 cxd4 11. Nxd4 Qc7 12. Be3 Ne5 13. Bg5 Qc4 14. Qxc4 Nxc4 15. b3 Ne5 16. Bxf6 Bxf6 17. Nd5 Kg7 18. Nxf6 Kxf6 19. f4 Ng4 20. Rae1 Kg7 21. h3 Nh6 22. g4 Bd7 23. c4 Rfc8 24. e5 dxe5 25. fxe5 e6 26. Be4 b5 27. axb5 axb5 28. cxb5 Bxb5 29. Rf2 Be8 30. Ra1 Rb4 31. Rd2 Kf8 32. Ra7 Ng8 33. Nxe6+ fxe6 34. Rf2+ Nf6 35. Rxf6+ Kg8 36. Bg2 Rxb3 37. Rxe6 Rb1+ 38. Kh2 Rb2 39. Kg3 g5 40. h4 Rc3+ 41. Bf3 Bf7 42. Rd6 gxh4+ 43. Kf4 Rf2 44. Rd8+ Kg7 45. e6 Rfxf3+ 46. Kg5 Rc5+ 47. Kxh4 Rf4 48. exf7 Rxf7 49. Rxf7+ Kxf7 50. Rd7+ Kg6 51. g5 Rc4+ 52. Kg3 1/2-1/2